| 000 | 00833nam a2200229 a 4500 | ||
|---|---|---|---|
| 005 | 20151127103521.0 | ||
| 008 | 140311b2000 ck ||||| |||| 00| 0 spa d | ||
| 040 |
_aCO-BoIAVH _cCO-BoIAVH |
||
| 041 | _aspa | ||
| 044 | _ack | ||
| 090 |
_aLB _b03125 |
||
| 100 |
_aViveros Astudillo, Guillermo _919685 |
||
| 245 | _aProducción y comercialización de productos artesanales de la caña flecha en el resguardo indígena Zenú de San Andrés de Sotavento (Córdoba y Sucre) | ||
| 260 |
_aBogotá _bMinisterio de Desarrollo Económico _bArtesanías de Colombia _c2000 |
||
| 300 | _a200 p. | ||
| 650 | 6 |
_aArtesanías _943426 |
|
| 650 | 6 |
_aMercadeo _943427 |
|
| 650 | 6 |
_aProducción artesanal _919688 |
|
| 650 | 6 |
_aCestería _9599 |
|
| 662 |
_aColombia _cResguardo indígena Zenú _dSan Andrés de Sotavento _bCórdoba |
||
| 942 |
_cINFORME _2z |
||
| 999 |
_c3359 _d3359 |
||